000 00699nam a2200205Ia 4500
005 20260121110023.0
008 008 260114s9999 xx 000 0 hin d
020 _a9788132359104
037 _aEBOOK
040 _aCRL
_bhin
_cCRL
041 _ahin
_2hin
084 _qCRL
100 _aंअमिष कुमार / Amish Kumar
_9941066
245 0 _aजैव उत्परिवर्तन एवं जैव विविधाता / Jaiv Utpurivartan aur Jaiv Vividhta
260 _bभाषा प्रकाशन / Bhasha Prakashan
_c2021
856 _uhttps://bhashaprakashan.com/product-details/382455
942 _cEBOOK
999 _c1532731
_d1532731